000 00640nam a22002417a 4500
001 089
003 DO-SdBNP
005 20180207120725.0
007 089
008 151005b1962 sp 00| 0 spa d
020 _a8470021354
040 _aBPMSU
_bspa
_cBPMSU
100 1 _aJames, Henry
245 1 3 _aLa vuelta de la tuerca /
_cHenry James ; traducción José Ma. Roca
260 _aBarcelona :
_bLitografía Rosés,
_c1962.
300 _a107 p. :
_c18 cm.
490 1 _aEl observador
_v57
700 1 2 _aRoca, José Ma.
_etrad.
830 0 _aEl observador
_n57
942 _2ddc
_cBK
945 _aInventariado, 2018/MFF
956 _aYngrid Lockward
999 _c8525
_d8525